| 000 | 00960cam a2200301 4500 | ||
|---|---|---|---|
| 008 | 000000n2002 000 0 eng u | ||
| 020 | _a1857213432 | ||
| 035 | _a(Sirsi) u119022 | ||
| 050 | _a332.6324 | ||
| 100 | _aMaxted, B. | ||
| 110 |
_aDe Montfort University _92410 |
||
| 245 | 4 | _aThe UK commercial property lending market 2001 | |
| 260 |
_aLeicester _bDeMontfort University _c2002 |
||
| 300 |
_a2v. _c30cm. |
||
| 350 | _a95 | ||
| 490 |
_aDe Montfort University UK Commercial Property Lending Market _v2001 |
||
| 520 | _aPublished in two parts - Research findings and Technical supplement : analysis of lending terms | ||
| 650 | _aPROPERTY MARKET | ||
| 650 | _aLENDING | ||
| 650 | _aINVESTMENT | ||
| 650 | _aBUILDING SOCIETIES | ||
| 650 | _aBANKS | ||
| 650 | _aLOAN TO VALUE RATIOS | ||
| 650 | _aFINANCE | ||
| 690 | _aPROPERTY-COMMERCIAL PROPERTY-COMMERCIAL PROPERTY FINANCE AND INVESTMENT | ||
| 700 | _aPollard, G. | ||
| 942 | _n0 | ||
| 999 |
_c102234 _d102234 |
||